| 000 | 01722nkc a2200289za 4500 | ||
|---|---|---|---|
| 001 | 84593 | ||
| 003 | OSt | ||
| 005 | 20260427095955.0 | ||
| 007 | kh boc | ||
| 008 | 250410s1909 sp ||||| ||||||0| i|spa d | ||
| 040 |
_aM-RABA _bspa _cM-RABA |
||
| 245 | 0 | 0 |
_aConvite de Dionisio el Tirano a Damocles _h[Material gráfico] _c/ José Ginés Marín |
| 260 |
_b[Hauser y Menet] _c, [ca. 1909] |
||
| 300 |
_a1 fotografía _b: gelatina de plata _c; imagen 20 x 12,5 cm _c; soporte secundario 30 x 24 cm |
||
| 500 | _aFotografía del relieve "Convite de Dionisio "el Tirano" a Damocles" de José Ginés Marín, obteniendo el premio de la Academia en Escultura, de primera clase en el año 1787. Se conserva en el Museo de la Real Academia de Bellas Artes de San Fernando con nº de inventario E-141. | ||
| 500 | _aMontada sobre un soporte secundario de cartón, con texto manuscrito a lápiz en la parte inferior al recto: "Convite de Dionisio el Tirano a Damocles por D. José Ginés. Premiado. 1787-1ª clase". Nota manuscrita al verso a lápiz rojo: "José Ginés". | ||
| 500 | _aFecha probable de la realización de la fotografía realizada por Hauser y Menet. | ||
| 544 | _aArchivo de la Real Academia de Bellas Artes de San Fernando (Le-4-29-1) | ||
| 600 | 1 | 4 |
_aGinés, José ( _d1768-1823) _945375 |
| 610 | 2 | 4 |
_aReal Academia de Bellas Artes de San Fernando. _975832 |
| 651 | 7 |
_aMadrid _2embne _975182 |
|
| 655 | 7 |
_aFotografías de obras de arte _975675 |
|
| 710 | 2 |
_aHauser y Menet (Madrid) _950978 |
|
| 852 | _jFot-615 | ||
| 856 |
_3Fot-615 _uhttps://archivoybiblioteca.realacademiabellasartessanfernando.com/cgi-bin/koha/opac-retrieve-file.pl?id=9164f1a7984739270c332b386a9dc1a2 |
||
| 942 |
_2ddc _cFOTOGRAFÍA _n0 |
||
| 999 |
_c84593 _d84593 |
||